| Tag |
First Indicator |
Second Indicator |
Subfields |
| LEADER |
00000cam a2200000 a 4500 |
| 001 |
in00000017256 |
| 005 |
20151007053427.0 |
| 008 |
870824s1988 ilu b s00010 eng |
| 010 |
|
|
|a 87024357
|
| 020 |
|
|
|a 025201426X (alk. paper)
|
| 035 |
|
|
|a (OCoLC)16648557
|
| 035 |
|
|
|9 AAB1616AM
|
| 040 |
|
|
|a DLC
|c DLC
|d TXA
|d UtOrBLW
|
| 043 |
|
|
|a n-us---
|
| 049 |
|
|
|a TXAM
|c [A11466224]
|
| 050 |
0 |
0 |
|a JK526
|b 1984j
|
| 082 |
0 |
|
|a 324.973/0927
|2 19
|
| 100 |
1 |
|
|a Barker, Lucius Jefferson,
|d 1928-
|
| 245 |
1 |
0 |
|a Our time has come :
|b a delegate's diary of Jesse Jackson's 1984 presidential campaign /
|c Lucius J. Barker.
|
| 264 |
|
1 |
|a Urbana :
|b University of Illinois Press,
|c [1988]
|
| 264 |
|
4 |
|c ©1988
|
| 300 |
|
|
|a xviii, 233 pages ;
|c 24 cm.
|
| 336 |
|
|
|a text
|b txt
|2 rdacontent
|
| 337 |
|
|
|a unmediated
|b n
|2 rdamedia
|
| 338 |
|
|
|a volume
|b nc
|2 rdacarrier
|
| 504 |
|
|
|a Bibliography: pages [225]-233.
|
| 600 |
1 |
0 |
|a Jackson, Jesse,
|d 1941-
|
| 650 |
|
0 |
|a Presidents
|z United States
|x Election
|y 1984.
|
| 650 |
|
0 |
|a Primaries
|z United States.
|
| 650 |
|
0 |
|a African Americans
|x Suffrage.
|
| 999 |
|
|
|a MARS
|
| 999 |
f |
f |
|s e1ea832a-bd7e-3cb3-b058-499909501d92
|i e84138e6-4985-3ccb-b4c6-c2cdd73557e9
|t 0
|
| 952 |
f |
f |
|p ric
|a Texas A&M University
|b Rellis Campus
|c Joint Library Facility
|d Remote Storage
|t 0
|e JK526 1984j
|h Library of Congress classification
|i unmediated -- volume
|m A14811466224
|
| 998 |
f |
f |
|a JK526 1984j
|t 0
|l Remote Storage
|